Taller de coyuntura: política de salud 1978 - 81
Kaydedildi:
| Yazar: | |
|---|---|
| Materyal Türü: | Metin |
| Baskı/Yayın Bilgisi: |
Heredia:
UNA. Unidad Coorinadora de Investigación y Documentación
|
| Etiketler: |
Etiketle
Etiket eklenmemiş, İlk siz ekleyin!
|
MARC
| LEADER | 00000 a a2200000 04500 | ||
|---|---|---|---|
| 001 | 15037 | ||
| 003 | |||
| 040 | |||
| 090 | |a 023800 | ||
| 100 | |a Díaz Naranjo, José Luis | ||
| 245 | |a Taller de coyuntura: política de salud 1978 - 81 | ||
| 260 | |a Heredia: |b UNA. Unidad Coorinadora de Investigación y Documentación | ||
| 300 | |a 3; 56 p. | ||
| 999 | |c 3566 |d 3566 | ||
